000
00326nam a2200133Ia 4500
008
190216s9999||||xx |||||||||||||| ||und||
100
_a
"Kewal Krishna Dewett, Verma Jd And Sharma Ml"
245
0
_a
Indian Economics
250
_a
40 th
260
_b
S Chand & Co
_c
2000
300
_a
690
650
_a
Economics
942
_c
BK
999
_c
10399
_d
10399